Vayalukal/ (Record no. 49263)

000 -LEADER
fixed length control field 00357nam a22001451a 4500
082 ## - DEWEY DECIMAL CLASSIFICATION NUMBER
Classification number M1
Item number KUN/V
100 ## - MAIN ENTRY--AUTHOR NAME
Personal name Kunjappa Pattannur
245 ## - TITLE STATEMENT
Title Vayalukal/
Statement of responsibility, etc by Kunjappa Pattannur
260 ## - PUBLICATION, DISTRIBUTION, ETC. (IMPRINT)
Place of publication Mavelikkara:
Name of publisher Prathibha Books,
Year of publication 1999.
300 ## - PHYSICAL DESCRIPTION
Number of Pages 72p.
650 ## - SUBJECT ADDED ENTRY--TOPICAL TERM
Topical Term Poetry Malayalam
650 ## - SUBJECT ADDED ENTRY--TOPICAL TERM
Topical Term Literature Malayalam
650 ## - SUBJECT ADDED ENTRY--TOPICAL TERM
Topical Term Literature
942 ## - ADDED ENTRY ELEMENTS (KOHA)
Koha item type Book
Holdings
Withdrawn status Lost status Damaged status Not for loan Permanent Location Current Location Date acquired Cost, normal purchase price Full call number Accession Number Cost, replacement price Price effective from Koha item type
        Sree Sankaracharya University of Sanskrit Sree Sankaracharya University of Sanskrit 08.01.2015 40.00 M1 KUN/V 033265 0.00 08.01.2015 Book
        Sree Sankaracharya University of Sanskrit Sree Sankaracharya University of Sanskrit 08.01.2015 40.00 M1 KUN/V 033266 0.00 08.01.2015 Book